000 00713nam a2200289Ia 4500
005 20260324123549.0
008 008 260324s9999 xx 000 0 eng d
020 _a9780203807071
037 _aEBOOK
040 _aCRL
040 _beng
040 _cCRL
041 _2eng
041 _aeng
084 _qCRL
100 _aAbebe Zegeye; Maurice Vambe
_91170792
245 0 _aClose to the Sources
245 0 _bEssays on Contemporary African Culture, Politics and Academy
260 _bTaylor and Francis
260 _c2011
365 _a
365 _b255
856 _uhttp://www.taylorfrancis.com/books/9780203807071
942 _cEBOOK
999 _c1764428
_d1764428